Science Quiz

Random Science Quiz

Human Body Systems Quiz Stats

 Plays Quiz not verified by Sporcle

Score 0/11 Timer 15:00
0 Plays Today
Systems Functions % Correct
RespiratoryBreathing
81.5%
CirculatoryMove blood
48.1%
SkeletalSupport
44.4%
DigestiveAbsorb nutrients
33.3%
MuscularBody movement
22.2%
NervousControls body
22.2%
LymphaticFight disease
22.2%
UrinaryWaste
22.2%
ReproductiveReproduce offspring
18.5%
EndocrineHormone production
14.8%
IntegumentaryProtection
14.8%

You're not logged in!

Compare scores with friends on all Sporcle quizzes.
OR
Log In

Show Comments

Extras

Created Feb 13, 2012ReportNominate
Tags:body, human, system

Top Quizzes Today


Score Distribution

Your Account Isn't Verified!

In order to create a playlist on Sporcle, you need to verify the email address you used during registration. Go to your Sporcle Settings to finish the process.

Report this User

Report this user for behavior that violates our Community Guidelines.

Details: